San Francisco

Bibliographic Details
Main Author: Downs, Tom
Format: Book
Published: Australia : Lonely Planet Publications , 2006
Series:Lonely planet
Subjects:

MARC

LEADER 00000cam a2200000 7i4500
001 0000017501
005 20080616.0
008 080527
020 |a 1740598563 
090 0 0 |a 915.94610454   |b DOW 
100 1 |a Downs, Tom 
245 1 0 |a San Francisco   |c Tom Downs 
260 |a Australia :   |b Lonely Planet Publications ,   |c 2006 
440 0 |a Lonely planet 
650 0 |a San Francisco   |x Description and travel 
999 |a 0001017459   |b Book   |c Adult Collection   |e Perbadanan Perpustakaan Awam Johor